Too little to go around (Record no. 84298)

MARC details
000 -LEADER
fixed length control field 00912cab a22001935a 4500
001 - CONTROL NUMBER
control field L157207
008 - FIXED-LENGTH DATA ELEMENTS--GENERAL INFORMATION
fixed length control field 120924e20120914xxk 000 0 eng d
035 ## - SYSTEM CONTROL NUMBER
System control number (Sirsi) u157207
041 0# - LANGUAGE CODE
Language code of text/sound track or separate title eng
100 1# - MAIN ENTRY--PERSONAL NAME
Personal name Sandher, Hardeep
245 00 - TITLE STATEMENT
Title Too little to go around
260 ## - PUBLICATION, DISTRIBUTION, ETC.
Date of publication, distribution, etc. 2012
490 ## - SERIES STATEMENT
Series statement Property Week
Volume/sequential designation 78(37)14 September 2012, 32-34(3)
520 ## - SUMMARY, ETC.
Summary, etc. Highlights problems faced by commercial agents in the UK regional markets such as competition, lack of deals and dominance of the London markets. Gives details of number of regional offices held by BNP Paribas Real Estate, Cushman and Wakefield, CBRE, DTZ, Jones Lang LaSalle, Knight Frank and Lambert Smith Hampton with details of total staff, number of commercial fee earners and non-fee earners in Manchester, Birmingham, Leeds and Bristol.
590 ## - LOCAL NOTE (RLIN)
Local note KA
651 #4 - SUBJECT ADDED ENTRY--GEOGRAPHIC NAME
Geographic name United Kingdom
Chronological subdivision
690 ## - LOCAL SUBJECT ADDED ENTRY--TOPICAL TERM (OCLC, RLIN)
Topical term or geographic name as entry element Commercial property
9 (RLIN) 6227
942 ## - ADDED ENTRY ELEMENTS (KOHA)
Suppress in OPAC 0
Holdings
Withdrawn status Lost status Source of classification or shelving scheme Damaged status Not for loan Home library Current library Shelving location Date acquired Total Checkouts Full call number Barcode Date last seen Copy number Price effective from Koha item type
    Dewey Decimal Classification     London London Journal article 24/09/2012   L157207 157207-1001 06/08/2019 1 06/08/2019 Journal article